000
00213 a2200097 4500
001
42078
100
_a
Manning, T D
245
_a
British Warship Names
260
_a
_b
Putnam G R Street
_c
090
_c
26086
_d
26086
942
_a
NUST-CAE
_c
M
_c
17876
999
_c
277151
_d
277151